| 000 | 02163cam a22004694i 4500 | ||
|---|---|---|---|
| 003 | PE-LiUPU | ||
| 005 | 20250731175643.0 | ||
| 008 | 150706s r 000 0 d | ||
| 020 | _a9786124092176 | ||
| 035 | _a(Sirsi) i9786124092176 | ||
| 040 |
_aPE-LiUPU _bspa _cPE-LiUPU _erda |
||
| 049 | _aPRUA | ||
| 082 | 0 | 4 |
_a425 _bI5 _221 |
| 110 | 2 | _aInstituto Cultural Peruano Norteamericano | |
| 245 | 1 | 0 |
_a75 años del Instituto Cultural Peruano Norteamericano (ICPNA) / _cInstituto Cultural Peruano Norteamericano. |
| 264 | 1 |
_aLima : _bEmpresa Editora El Comercio, _c2013. |
|
| 300 |
_a205 páginas : _bilustraciones ; _c35 cm. |
||
| 336 |
_atext _2rdacontent |
||
| 337 |
_aunmediated _2rdamedia |
||
| 338 |
_avolume _2rdacarrier |
||
| 500 | _aTítulo en cubierta: 75 años cultura enseñanza. | ||
| 505 | 0 | _aEl nuevo espíritu de una vieja amistad -- Mucho más que una academia de idiomas -- La difusión cultural es uno de los pilares del ICPNA -- Nuevos tiempos y nuevos retos. | |
| 526 | _aP145 | ||
| 526 | _aP127 | ||
| 526 | _aP97 | ||
| 526 | _aP35 | ||
| 526 | _aP14 | ||
| 526 | _aP07 | ||
| 610 | 2 |
_aInstituto Cultural Peruano Norteamericano (Lima) _xHistoria. |
|
| 650 | 0 | 4 |
_aIdioma inglés _xEstudio y enseñanza _zPerú _xHistoria. |
| 650 | 0 | 4 |
_aArte peruano _ySiglo XX. |
| 910 |
_agl _cbd _d20130910 |
||
| 942 |
_2ddc _cBOOK |
||
| 949 |
_a425 I5 _wDEWEY _c1 _i68402 _lCCODEBUL1 _mBUL _p22.00 _r0 _sY _tBOOK _u2015-7-6 _xBIBLIOTECA _zUNKNOWN _o.STAFF. Colección General |
||
| 949 |
_a425 I5 _wDEWEY _c2 _i68403 _lCCODEBUL1 _mBUL _p22.00 _r0 _sY _tBOOK _u2015-7-6 _xBIBLIOTECA _zUNKNOWN _o.STAFF. Colección General |
||
| 994 |
_aC0 _bPEPRU |
||
| 596 | _a1 | ||
| 999 |
_a425 I5 _wDEWEY _c55794 _i68402 _d55794 _f2021-11-8 _g4 _lCCODEBUL1 _mBUL _p22.00 _q2 _r0 _sY _tBOOK _u2015-7-6 _xEDUCACION _zUNKNOWN _0COMPRA _o.STAFF. Colección General |
||
| 999 |
_a425 I5 _wDEWEY _c2 _i68403 _f2019-2-27 _g3 _lDISCARD _mBUL _p22.00 _r0 _sY _tBOOK _u2015-7-6 _xEDUCACION _zUNKNOWN _0COMPRA _o.STAFF. Colección General |
||
| 980 |
_81 _gALBERTO SANCHEZ Responsable de Automatización |
||